000 00741nam a2200229 a 4500
001 BRCA_1440
005 20190320203429.0
008 250805s1994----mx-#---f##---#000-0#spa-#
020 _a9686120300
050 4 _aPQ7081
_b.B47 1994
100 1 _aBernal, Rafael
_d1915-1972
_9934
245 1 0 _aMestizaje y criollismo en la literatura de la Nueva España
_bSiglo XVI
_cRafael Bernal.
260 _aMéxico
_bBanco de México
_c1994
300 _a251 p.
_c27 cm.
500 _aBibliografía: p. 243-251
650 1 4 _aLiteratura novohispana
_94711
650 1 4 _aMestizos y criollos
_zNueva España
_94712
650 1 4 _aLiteratura indígena
_zNueva España
_94713
650 1 4 _aEscritores novohispanos
_94714
653 0 _aCastas
942 _2lcc
_cB
999 _c1302
_d1302